| 000 | 00821cab a2200265 4500 | ||
|---|---|---|---|
| 001 | ABS59641 | ||
| 008 | 090401t1998 xxu||||| |||| 00| 0 eng d | ||
| 035 | _a(Sirsi) u90022 | ||
| 041 | _aeng | ||
| 100 | _aEade, C. | ||
| 245 | _aAll over the shops | ||
| 260 | _c1998 | ||
| 350 | _a0 | ||
| 490 |
_aProperty Week _v63(31) 27 November 1998, 32-33(2) |
||
| 520 | _aReviews the increasing number of concessions in out-of-town superstores and the concern over the impact their continued growth will have on the high street. | ||
| 650 | _aCONCESSIONS | ||
| 650 | _aHIGH STREET | ||
| 650 | _aOUT-OF-TOWN SUPERSTORES | ||
| 650 | _aPLANNING POLICY GUIDANCE NOTE SIX | ||
| 650 | _aRETAILERS | ||
| 650 | _aRETAILING | ||
| 690 | _aPROPERTY-COMMERCIAL PROPERTY-RETAIL PROPERTY | ||
| 942 | _n0 | ||
| 948 | _c30/11/1998 | ||
| 999 |
_c57004 _d57004 |
||